|
|
|
|
| LEADER |
00000naa2a2200000 4500 |
| 001 |
611428 |
| 005 |
20231101132645.0 |
| 035 |
|
|
|a (RuTPU)RU\TPU\conf\9180
|
| 035 |
|
|
|a RU\TPU\conf\9179
|
| 090 |
|
|
|a 611428
|
| 100 |
|
|
|a 20150311d2012 k y0rusy50 ca
|
| 101 |
0 |
|
|a rus
|d rus
|
| 102 |
|
|
|a RU
|
| 105 |
|
|
|a y z 100zy
|
| 135 |
|
|
|a drcn ---uucaa
|
| 181 |
|
0 |
|a i
|
| 182 |
|
0 |
|a b
|
| 200 |
1 |
|
|a Разработка профориентационной системы поддержки принятия решения для абитуриентов ТПУ
|f Е. О. Иванова
|
| 203 |
|
|
|a Текст
|c электронный
|
| 215 |
|
|
|a 1 файл (537 Кб)
|
| 225 |
1 |
|
|a Информационная безопасность
|
| 230 |
|
|
|a Электронные текстовые данные (1 файл : 537 Кб)
|
| 300 |
|
|
|a Заглавие с титульного листа.
|
| 320 |
|
|
|a [Библиогр.: с. 287 (2 назв.)]
|
| 330 |
|
|
|a Профессиональное обучение сегодня становится, в первую очередь, процессом образования личности, развивающей в себе способность к деятельности в выбираемом направлении. Профессия, как одно из средств реализации потенциальных возможностей человека, позволяет проявиться его предпочтениям - тому, что любит делать, к чему есть склонности и способности, и во многом предопределяет степень удовлетворенности жизнью.
|
| 337 |
|
|
|a Adobe Reader
|
| 463 |
|
1 |
|0 (RuTPU)RU\TPU\conf\61
|t Технологии Microsoft в теории и практике программирования
|o сборник трудов IX Всероссийской научно-практической конференции студентов, аспирантов и молодых ученых, 21-22 марта 2012 г., г.Томск
|f Национальный исследовательский Томский политехнический университет (ТПУ), Институт кибернетики ; отв. ред. А. Р. Вахитов
|v [С. 284-287]
|d 2012
|
| 601 |
0 |
2 |
|a Национальный исследовательский Томский политехнический университет (ТПУ)
|c (2009- )
|2 stltpush
|3 (RuTPU)RU\TPU\col\15902
|
| 610 |
1 |
|
|a электронный ресурс
|
| 610 |
1 |
|
|a труды учёных ТПУ
|
| 610 |
1 |
|
|a профориентационные системы
|
| 610 |
1 |
|
|a поддержка решений
|
| 610 |
1 |
|
|a принятие решений
|
| 610 |
1 |
|
|a абитуриенты
|
| 610 |
1 |
|
|a профессиональное обучение
|
| 610 |
1 |
|
|a профессиограммы
|
| 700 |
|
1 |
|a Иванова
|b Е. О.
|
| 712 |
0 |
2 |
|a Национальный исследовательский Томский политехнический университет (ТПУ)
|c (2009- )
|2 stltpush
|3 (RuTPU)RU\TPU\col\15902
|
| 801 |
|
2 |
|a RU
|b 63413507
|c 20150311
|g RCR
|
| 856 |
4 |
|
|u http://www.lib.tpu.ru/fulltext/c/2012/C28/104.pdf
|
| 942 |
|
|
|c BK
|